000 00496nam a22001577a 4500
005 20251108164323.0
008 250721s1986 xx 000 0 ara d
082 1 4 _a358.1/يزي
100 1 _aصايغ، يزيد
245 1 0 _aالأسلحة المدفعية في الشرق الأوسط /
264 1 _aبيروت :
_bالمؤسسة العربية للدراسات والنشر،
_c1986.
300 _a278ص : مص
650 1 7 _aقوات المدفعية
942 _2ddc
_cBK
999 _c9255
_d9255